| 000 | 01115pam a2200277 a 4500 | ||
|---|---|---|---|
| 999 |
_c58734 _d58734 |
||
| 001 | 4363062 | ||
| 005 | 20220711133039.0 | ||
| 008 | 900809s1991 nyua b 001 0 eng | ||
| 010 | _a 90046073 | ||
| 020 | _a038797430X (SpringerVerlag New York : acidfree) | ||
| 020 | _a354097430X (SpringerVerlag Berlin : acidfree) | ||
| 040 |
_aDLC _cDLC _dDLC |
||
| 050 | 0 | 0 |
_aQA612 _b.M374 1991 |
| 080 | _a514 M-38 | ||
| 100 | 1 |
_aMassey, William S. _914356 |
|
| 245 | 1 | 2 |
_aA basic course in algebraic topology / _cWilliam S. Massey. |
| 260 |
_aNew York : _bSpringer-Verlag, _cc1991. |
||
| 300 |
_axvi, 428 p. : _bill. ; _c25 cm. |
||
| 440 | 0 |
_aGraduate texts in mathematics ; _v127 _99001 |
|
| 504 | _aIncludes bibliographical references and index. | ||
| 650 | 0 |
_aAlgebraic topology. _914325 |
|
| 650 | 0 |
_aალგებრული ტოპოლოგიის ძირითადი კურსი _914357 |
|
| 906 |
_a7 _bcbc _corignew _d1 _eocip _f19 _gy-gencatlg |
||
| 942 |
_2udc _cBK |
||
| 955 | _apc01 to ea00 08-09-90; ea08 to SCD 08-09-90; fg04 08-10-90; fm23 08-15-90; CIP ver. by11 03-28-91 to SL 04-02-91 | ||